00565nam a2200229Ia 450000500170000000800460001702000180006303700100008104000080009104000080009904000080010704100080011504100080012308400080013110000180013924500650015726000220022226000220024426000090026665000120027585600480028720260121124824.0008 260114s9999 xx 000 0 eng d a9780674068100 aEBOOK aCRL beng cCRL 2eng aeng qCRL aDevji, Faisal 4aThe Impossible Indian: Gandhi and the Temptation of Violence bWalter de Gruyter bWalter de Gruyter c2012 aHistory uhttp://www.degruyter.com/isbn/9780674068100